00333nam a22000977a 4500008004100000082001600041100003100057245007800088260005600166300001300222230621b xxu||||| |||| 00| 0 eng d a328.67bCAM cThe Parliament of Cameroon aThe Parliament of CameroonbInformation bulletin of the National Assembly aCameroonbThe Parliament of CamerooncNovember 1990 a32p, 32p